| 000 | 00417nam a22001217a 4500 | ||
|---|---|---|---|
| 082 | _a220 PRO | ||
| 100 |
_aAbdul Samad Nasir, Muhammad Waqas, Zia Ud Din Taj _971528 |
||
| 245 | _aPR-SOF-1461-DESIGN AND DEVELOPMENT OF SOLAR BATCH COLLECTOR | ||
| 260 |
_aISLAMABAD _bNUST COLLEGE OF EME _c2015 |
||
| 650 | _aDE-MECH-33 | ||
| 700 |
_aLecturer Muhammad Haider Asst. Professor Dr. Abdul Waheed Badar _971529 |
||
| 942 | _cCR | ||
| 999 |
_c577994 _d577994 |
||